| 000 | 00737nam a2200229Ii 4500 | ||
|---|---|---|---|
| 003 | JO-AjNU | ||
| 008 | 230605s9999||||xx |||||||||||||| ||und|| | ||
| 017 | _a1999/10/1955 | ||
| 020 | _a9957-07-091-6 | ||
| 040 |
_aJO-AjNU _bara _erda _cJO-AjNU |
||
| 041 | _aara | ||
| 050 | 1 | 4 | _aBP161.2.H55 2000 |
| 100 | 3 |
_aإعداد هندي، صالح وآخرون, _eauthor _940958 |
|
| 245 | 0 | 0 | _aالثقافة الإسلامية |
| 250 | _aط2 | ||
| 264 | 3 | 1 | _aعمان: دار الفكر للطباعة والنشر والتوزيع، 2000 |
| 300 | _a312ص | ||
| 336 |
_atext _btxt _2rdacontent |
||
| 337 |
_aunmediated _bn _2rdamedia |
||
| 338 |
_avolume _bnc _2rdacarrier |
||
| 650 | 4 |
_aالاسلام- ثقافة اسلامية _940959 |
|
| 999 |
_aA17423 _c20991 _d20991 |
||